| 000 | 00976nam a22002657a 4500 | ||
|---|---|---|---|
| 999 |
_c4253 _d4253 |
||
| 003 | AR-CdUCM | ||
| 008 | 190308b ||||| |||| 00| 0 spa d | ||
| 040 |
_aMUNICIPALIDAD PROVINCIAL DEL CUSCO _cBIBLIOTECA MUNICIPAL DEL CUSCO |
||
| 041 | _hfre | ||
| 082 |
_22ed. _a759.05 / _bB83 |
||
| 100 |
_aBrion, Marcel _913446 |
||
| 245 |
_aPintura moderna : _bdel impresionismo al arte abstracto / |
||
| 260 |
_aBuenos Aires : _bVictor Leru, _c1962. |
||
| 300 |
_a96 páginas ; _bfotografías. _c23 cm. |
||
| 505 | _aEvolución de las formas a principios del siglo XX -- El salvajismo -- Las formas vecinas del cubismo -- El neoplasticismo -- El expresionismo. | ||
| 650 |
_aEvolución de las formas. _913447 |
||
| 650 |
_aSalvajismo. _913448 |
||
| 650 |
_aArte. _9561 |
||
| 650 |
_aCubismo. _911301 |
||
| 650 |
_aNeoplasticismo. _913449 |
||
| 650 |
_aExpresionismo. _96529 |
||
| 700 |
_aMeystre, Marcela de (traductora) _913450 |
||
| 942 |
_2ddc _cLIBROS |
||
| 945 |
_awfj _d2019-03-08 |
||